So sánh đối chiếu ngữ nghĩa của từ chỉ quan hệ họ hàng Anh- Việt
Đã lưu trong:
| Tác giả chính: | |
|---|---|
| Tác giả khác: | , |
| Định dạng: | Sách |
| Ngôn ngữ: | Vietnamese |
| Được phát hành: |
Đà Nẵng,
1991.
|
| Những chủ đề: | |
| Các nhãn: |
Thêm thẻ
Không có thẻ, Là người đầu tiên thẻ bản ghi này!
|
| Thư viện lưu trữ: | Mạng thư viện Đại học Đà Nẵng |
|---|
| LEADER | 01023cmm a2200349 i 4500 | ||
|---|---|---|---|
| 001 | 000044809 | ||
| 003 | 3217 | ||
| 005 | 20030508144721.0 | ||
| 008 | 010312|1991 vm 000 vie | ||
| 040 | |a IRC |c IRC |d IRC | ||
| 041 | 0 | |a vie | |
| 082 | 1 | 4 | |a 425 |b HU-L |
| 100 | 1 | |a Huỳnh Mai Linh. | |
| 245 | 0 | 0 | |a So sánh đối chiếu ngữ nghĩa của từ chỉ quan hệ họ hàng Anh- Việt |h [Thesis-Luận văn] / |c Huỳnh Mai Linh, Đỗ Nguyệt Thu thực hiện ; Thái Duy Bảo hướng dẫn. |
| 260 | |a Đà Nẵng, |c 1991. | ||
| 300 | |a 95tr. ; |c 31.5cm. | ||
| 630 | 0 | 4 | |a Anh ngữ. |
| 630 | 0 | 4 | |a Ngữ pháp. |
| 630 | 0 | 4 | |a Khoá luận. |
| 650 | 0 | 4 | |a Anh ngữ |x Ngữ nghĩa. |
| 700 | 1 | |a Đỗ Nguyệt Thu. | |
| 700 | 1 | |a Thái Duy Bảo, |c PTS, |e hướng dẫn. | |
| OWN | |a DUT | ||
| 999 | |a From the UDN01 | ||
| TYP | |a Computer file | ||
| TYP | |a Monograph | ||
| 980 | |a Mạng thư viện Đại học Đà Nẵng | ||